Derechos humanos y paz : (Registro nro. 4642)
[ vista simple ]
| 000 -LEADER | |
|---|---|
| fixed length control field | 01077nam a2200241Ia 4500 |
| 003 - CONTROL NUMBER IDENTIFIER | |
| control field | OSt |
| 005 - DATE AND TIME OF LATEST TRANSACTION | |
| control field | 20200506111119.0 |
| 008 - FIXED-LENGTH DATA ELEMENTS--GENERAL INFORMATION | |
| fixed length control field | 191128s2015 ck a gr 000 0 spa d |
| 020 ## - INTERNATIONAL STANDARD BOOK NUMBER | |
| International Standard Book Number | 9789588917108 |
| 040 ## - CATALOGING SOURCE | |
| Original cataloging agency | CO-JMCR |
| Transcribing agency | CO-JMCR |
| 041 0# - LANGUAGE CODE | |
| Language code of text/sound track or separate title | spa |
| 082 04 - DEWEY DECIMAL CLASSIFICATION NUMBER | |
| Classification number | 306.4 / |
| Item number | A346d |
| 110 2# - MAIN ENTRY--CORPORATE NAME | |
| Corporate name or jurisdiction name as entry element | Colombia. Alcaldia Mayor |
| 9 (RLIN) | 3723 |
| 245 20 - TITLE STATEMENT | |
| Title | Derechos humanos y paz : |
| Remainder of title | Manual de ciudadanía y convivencia desde la contrucción colectiva de sentidos y redes / |
| Statement of responsibility, etc. | Alcaldia Mayor , Ministerio de Educación |
| 260 ## - PUBLICATION, DISTRIBUTION, ETC. | |
| Place of publication, distribution, etc. | Bogotá : |
| Name of publisher, distributor, etc. | Cinep, |
| Date of publication, distribution, etc. | 2015 |
| 300 ## - PHYSICAL DESCRIPTION | |
| Extent | 191 páginas : |
| Other physical details | ilustraciones, diagramas a color ; |
| Dimensions | 24 x 22 cm. |
| 490 ## - SERIES STATEMENT | |
| Series statement | Caja de herramientas pedagógicas de educación para la ciudadanía y la convivencia |
| 505 ## - FORMATTED CONTENTS NOTE | |
| Formatted contents note | Nuestras herramientas didácticas -- Los derechso humanos como un proceso permanente e inacabado -- Reconociendo las diversidades -- Las generaciones de la paz |
| 650 14 - SUBJECT ADDED ENTRY--TOPICAL TERM | |
| Topical term or geographic name entry element | Derechos humanos |
| 9 (RLIN) | 3993 |
| 650 24 - SUBJECT ADDED ENTRY--TOPICAL TERM | |
| Topical term or geographic name entry element | Colombia diversidades étnicas |
| Geographic subdivision | Colombia |
| 9 (RLIN) | 3994 |
| 700 1# - ADDED ENTRY--PERSONAL NAME | |
| Personal name | Ministerio de Educación, |
| Relator term | autor |
| 9 (RLIN) | 3726 |
| 942 ## - ADDED ENTRY ELEMENTS (KOHA) | |
| Source of classification or shelving scheme | Dewey Decimal Classification |
| Koha item type | Books |
| Withdrawn status | Lost status | Source of classification or shelving scheme | Materials specified (bound volume or other part) | Damaged status | Not for loan | Home library | Current library | Shelving location | Date acquired | Source of acquisition | Cost, normal purchase price | Total Checkouts | Full call number | Barcode | Date last seen | Copy number | Price effective from | Koha item type |
|---|---|---|---|---|---|---|---|---|---|---|---|---|---|---|---|---|---|---|
| Dewey Decimal Classification | Donación--18/07/2019-- | Biblioteca Pública José María del Castillo y Rada | Biblioteca Pública José María del Castillo y Rada | General Stacks | 11/28/2019 | Donación | 0.00 | 306.4 / A346d | 201809584 | 05/16/2024 | Ej.1 | 11/28/2019 | Books |